WWE Pay-Per-View (PPV) Main Events - 2006 - Statistics

General Stats
  • This quiz has been taken 773 times
    354 since last reset
  • The average score is 22 of 26
Answer Stats
PPV Answer % Correct
New Year's Revolution, WrestleMania 22, Backlash, ECW One Night Stand, SummerSlam, Unforgiven, Cyber Sunday, Armageddon John Cena
100%
New Year's Revolution, Vengeance Shawn Michaels
98%
WrestleMania 22, Backlash, Vengeance Triple H
98%
No Mercy, Survivor Series, Armageddon Batista
96%
Backlash, SummerSlam, Unforgiven Edge
96%
No Way Out The Undertaker
96%
Judgment Day, The Great American Bash Rey Mysterio
95%
ECW One Night Stand, ECW December to Dismember Rob Van Dam
95%
New Year's Revolution, Royal Rumble, No Way Out Kurt Angle
93%
Cyber Sunday, ECW December to Dismember The Big Show
93%
New Year's Revolution Kane
90%
No Mercy, ECW December to Dismember Bobby Lashley
88%
ECW December to Dismember CM Punk
84%
Judgment Day John Bradshaw Layfield
83%
Royal Rumble Mark Henry
83%
The Great American Bash, No Mercy, Cyber Sunday, Survivor Series, Armageddon King Booker
79%
New Year's Revolution Carlito
77%
Vengeance Kenny
74%
Vengeance Nicky
74%
New Year's Revolution Chris Masters
72%
Vengeance Mikey
72%
Vengeance Mitch
67%
No Mercy, Armageddon Finlay
66%
Vengeance Johnny
66%
ECW December to Dismember Test
65%
ECW December to Dismember Hardcore Holly
53%
No matching quizzes found
Score Distribution
Percent of People with Each Score
Percentile by Number Answered
Your Score History
You have not taken this quiz since the last reset